000 01027nam a2200277 a 4500
005 19900403133224.3
008 851206s1986 flua b 001 0 eng
010 _aENG-91633
020 _a978812033871
_c995.00
035 _aEN-75166
037 _bDBAD / PUB
040 _adpl
_bEnglish
082 _a005.44
100 _aRussel, Charlie
245 _aMicrosoft Windows Server 2003 :
_cby Charlie Russel, Sharon Crawford [and] Jason Gerend
_badministrator's companion /
250 _a2nd ed
260 _aNew Delhi
_bPrentice-Hall of India
_c2008
300 _aLi, 1439p.:
_bill. ;
_c24 cm. (Hb)
_eCD-ROM
500 _aIncludes glossary
650 _aMicrosoft Windows server
650 _aOperating systems (Computers)
700 _aCrawford, Sharon
700 _aGerend, Jason
942 _2ddc
_cEN
_mRUS
_h005.44
999 _c18624
_d18624